01853nam a2200373 a 4500003000900000005001700009007000300026008004100029020001800070040002500088082000900113100002500122245017800147260008400325300003600409490004400445500007400489500006300563500005200626500003600678504003200714590002700746650006000773650004600833700004000879700003600919700004700955910001401002942001401016952014001030952014601170952014601316999001701462DO-SdBNP20240319121127.0ta110325s2022 dr bd 001 0 spa d a9789945634044 aDO-SdBNPbspacBNPHU bL666 aLevitt, Peggy98300810aDe Baní a Boston :bconstruyendo comunidad a través de fronteras /cPeggy Levitt ; presentación Samuel Pereyra Rojas Wilfredo Lozano ; prólogo Rafael Emilio Yunén  aSanto Domingo, :bInstituto Nacional de Migración,bBanco de Reservas,c2022. a331p. :bmap., diagr. ;c23 cm.1 aClásicos de la Migración Dominicana aIncluye datos biográficos de la autora en la solapa de la portada.  aIncluye Índice de cuadros, grafícos, mapas y diagramas aIncluye notas y biografías a pie de paginas.  aIncluye índice onomástico.  aBibliografía : p. 299-321 aInventariado, 2022/ YL 4aTrabajadores extranjeroszRepública Dominicana953854 4aHaitianos en república dominicana9224612aPereyra Rojas, Samuelepres.98300712aLozano, Wilfredoepres..98150712aYunén, Rafael Emiliod1952-eprol.92304 aYLockward 2ddccLBS1 00102ddc51708PDaBNPHUbBNPHUcCTd2022-11-09eInstituto Nacional de Migración l0oL666p2022-5945r2022-12-07w2022-12-07yLBS1 00102ddc51708PDaBNPHUbBNPHUcCTd2022-11-09eInstituto Nacional de Migración l0oL666p2022-5946r2022-12-07te. 2w2022-12-07yLBS1 00102ddc56708DSaBNPHUbBNPHUcCTd2022-11-09eInstituto Nacional de Migración l0oL666p2022-5947r2022-12-07te. 3w2022-12-07yLBS1 c53093d53093